| 000 | 00578nam a2200169 i 4500 | ||
|---|---|---|---|
| 001 | 41176 | ||
| 003 | ES-MaACL | ||
| 005 | 20230906160403.0 | ||
| 007 | t| | ||
| 008 | 030310s1902 fr ||||1| fre d | ||
| 100 | 1 |
_aCarus, Paul. _935919 |
|
| 245 | 1 | 2 |
_aL'evangile du Buddha / _craconté d'apres les anciens documents par Paul Carus ; traduit de l'anglais avec autorisation de l'auteur par L. de Milloue. |
| 260 |
_a[S.l. : _bs.n., _c1902] ( _eAngers : _fImp. A. Burdin et CÂș) |
||
| 300 |
_aXVIII, 23 p. ; _c18 cm. |
||
| 700 | 1 |
_aMilloue, L. _981273 |
|
| 852 |
_aES-MaACL _jD-731 |
||
| 999 |
_c41176 _d41176 |
||